Loading...
Painting/Sculpture | 0 | 3 | 1 | 1 | 25 | 57 | 93.33 | 0 | 1 |
History - European History | 0 | 2 | 0 | 1 | 20 | 47 | 82.00 | 0 | 1 |
Science - Biology | 0 | 2 | 0 | 1 | 20 | 94 | 96.00 | 0 | 0 |
Pop Culture | 0 | 2 | 0 | 1 | 20 | 19 | 66.50 | 1 | 1 |
Fine Arts - Other Fine Arts | 0 | 2 | 1 | 0 | 15 | 27 | 63.00 | 1 | 1 |
Geography | 0 | 2 | 1 | 0 | 15 | 70 | 89.50 | 0 | 1 |
History - Other History | 0 | 1 | 0 | 0 | 10 | 92 | 92.00 | 0 | 0 |
Science - Physics | 0 | 1 | 0 | 0 | 10 | 112 | 112.00 | 0 | 0 |
History - World History | 0 | 1 | 0 | 1 | 10 | 104 | 104.00 | 0 | 0 |
Current Events | 0 | 1 | 0 | 1 | 10 | 53 | 53.00 | 0 | 0 |
Literature - World Literature | 0 | 1 | 0 | 0 | 10 | 121 | 121.00 | 0 | 0 |
Mythology | 0 | 1 | 0 | 0 | 10 | 98 | 98.00 | 0 | 1 |
Religion | 0 | 1 | 0 | 0 | 10 | 104 | 104.00 | 0 | 1 |
Philosophy | 0 | 0 | 0 | 0 | 0 | 0.00 | 0 | 0 | |
Social Science | 0 | 0 | 1 | 0 | -5 | 0.00 | 0 | 0 | |
Fine Arts - Classical Music | 0 | 0 | 1 | 0 | -5 | 0.00 | 0 | 0 | |
Literature - American Literature | 0 | 0 | 1 | 0 | -5 | 0.00 | 0 | 0 | |
Literature - British Literature | 0 | 0 | 1 | 0 | -5 | 0.00 | 0 | 0 | |
Literature - European Literature | 0 | 0 | 2 | 0 | -10 | 0.00 | 0 | 0 |